[Event "Senioren 2018"]
[Site "Bad Woerishofen"]
[Date "2018.03.01"]
[Round "7"]
[White "Schulz, Franz"]
[Black "Gottwald, Helmut"]
[Result "1/2-1/2"]
[WhiteElo "1630"]
[BlackElo "1569"]
[PlyCount "88"]
[EventDate "2018.??.??"]
[WhiteTeam "SV Ebersbach"]
[BlackTeam "SV Dicker Turm Esslingen"]

1. b4 e5 2. a3 c6 3. Bb2 Qc7 4. c4 d5 5. e3 Be6 6. d3 Nd7 7. Nd2 a5 8. b5 dxc4
9. dxc4 Ngf6 10. Ngf3 h6 11. Be2 Be7 12. O-O O-O 13. Rc1 Rfd8 14. h3 c5 15. Nh2
Nf8 16. Qc2 Bd6 17. e4 Ng6 18. Qc3 Be7 19. Nhf3 Nf4 20. Rfe1 Nxe2+ 21. Rxe2 Nd7
22. Nf1 Bf6 23. Rd2 Nb6 24. Rxd8+ Rxd8 25. N1d2 Na4 26. Qc2 Nxb2 27. Qxb2 b6
28. Qc3 Qd6 29. Rc2 Bg5 30. Nxg5 hxg5 31. g4 Qd3 32. Nf3 Qxc3 33. Rxc3 f6 34.
Kf1 Bc8 35. Ke2 Kf8 36. Rd3 Rxd3 37. Kxd3 g6 38. Nd2 f5 39. f3 f4 40. Nb1 Ke7
41. Nc3 Bb7 42. Nd5+ Bxd5 43. exd5 a4 44. Ke4 Kd6 1/2-1/2

[Event "Senioren 2018"]
[Site "Bad Woerishofen"]
[Date "2018.03.01"]
[Round "7"]
[White "Traversi, Carlo"]
[Black "Aigner, Georg"]
[Result "0-1"]
[WhiteElo "1537"]
[BlackElo "1841"]
[PlyCount "104"]
[EventDate "2018.??.??"]
[BlackTeam "SC Taufkirchen"]

1. Nf3 Nf6 2. d4 e6 3. e3 d5 4. b3 c5 5. Bb2 Nc6 6. Be2 cxd4 7. Nxd4 Nxd4 8.
Bxd4 Bd6 9. Nd2 O-O 10. Nf3 Re8 11. Be5 Qa5+ 12. Qd2 Qxd2+ 13. Kxd2 Bb4+ 14.
Kc1 Ne4 15. Bg3 Ba3+ 16. Kd1 Bb2 17. Rb1 Nc3+ 18. Kd2 Nxb1+ 19. Rxb1 Bf6 20.
Ne5 Bxe5 21. Bxe5 Bd7 22. c4 dxc4 23. Bxc4 Bc6 24. f3 Rad8+ 25. Ke2 a6 26. Rc1
Rc8 27. Rd1 Red8 28. Rxd8+ Rxd8 29. a4 Bd5 30. Bxd5 Rxd5 31. Bc3 f6 32. f4 Kf7
33. g4 Rd7 34. h4 Rc7 35. Kd3 g6 36. a5 Rd7+ 37. Ke2 Rd5 38. b4 Rb5 39. g5 fxg5
40. hxg5 b6 41. axb6 Rxb6 42. Kd3 Rd6+ 43. Kc2 Ke7 44. Bd4 Kd7 45. Bc5 Rc6 46.
Kb3 Rxc5 47. bxc5 a5 48. Ka4 Kc6 49. Kxa5 Kxc5 50. Ka6 Kd5 51. Kb5 Ke4 52. Kc4
Kxe3 0-1

[Event "Senioren 2018"]
[Site "Bad Woerishofen"]
[Date "2018.03.01"]
[Round "7"]
[White "Zwetz, Anita"]
[Black "Wawrinsky, Ludwig"]
[Result "1/2-1/2"]
[WhiteElo "1842"]
[BlackElo "1760"]
[PlyCount "105"]
[EventDate "2018.??.??"]
[WhiteTeam "TSV Kareth-Lappersdorf"]
[BlackTeam "SK Neuperlach"]

1. d4 Nf6 2. Bg5 e6 3. Nf3 Be7 4. e3 b6 5. Nbd2 Bb7 6. Bd3 d6 7. Qe2 Nbd7 8. c3
h6 9. Bh4 g5 10. Bg3 Nh5 11. O-O-O Nxg3 12. hxg3 Nf6 13. e4 Nd7 14. Nc4 Nf8 15.
e5 d5 16. Ne3 Qd7 17. Ng4 h5 18. Nf6+ Bxf6 19. exf6 g4 20. Ne5 Qd6 21. Nxg4 Nd7
22. Rh4 O-O-O 23. Ne5 Nxe5 24. dxe5 Qc5 25. Ba6 Bxa6 26. Qxa6+ Kb8 27. Ra4 b5
28. Rb4 c6 29. a4 Ka8 30. axb5 Rb8 31. Qxc6+ Qxc6 32. bxc6 Rxb4 33. cxb4 Rc8
34. b5 a6 35. Kd2 axb5 36. Ra1+ Kb8 37. Ra5 Rxc6 38. Rxb5+ Kc7 39. b4 Rc4 40.
Rc5+ Rxc5 41. bxc5 Kc6 42. f3 Kxc5 43. g4 hxg4 44. fxg4 Kd4 45. g5 Kxe5 46. g4
Kd6 47. Ke3 e5 48. Kf3 d4 49. Ke4 Ke6 50. Kd3 Kd7 51. Ke4 Ke8 52. g6 fxg6 53.
g5 1/2-1/2

[Event "Senioren 2018"]
[Site "Bad Woerishofen"]
[Date "2018.03.02"]
[Round "8"]
[White "Aigner, Georg"]
[Black "Fuchs, Joachim"]
[Result "1-0"]
[WhiteElo "1841"]
[BlackElo "1767"]
[PlyCount "41"]
[EventDate "2018.??.??"]
[WhiteTeam "SC Taufkirchen"]
[BlackTeam "SC Starnberg"]

1. e4 d6 2. d4 Nf6 3. Nc3 e6 4. Nf3 a6 5. Bd3 Nbd7 6. O-O Be7 7. Re1 e5 8. Bg5
exd4 9. Nxd4 O-O 10. Nf5 Ne5 11. Nxe7+ Qxe7 12. Nd5 Qd8 13. Bxf6 gxf6 14. Qh5
c6 15. Ne3 Kh8 16. f4 Ng6 17. e5 Rg8 18. Rad1 fxe5 19. fxe5 dxe5 20. Bxg6 fxg6
21. Qxe5+ 1-0

[Event "Senioren 2018"]
[Site "Bad Woerishofen"]
[Date "2018.03.02"]
[Round "8"]
[White "Baum, Bernd"]
[Black "Mueller, Rudolf"]
[Result "1-0"]
[WhiteElo "2288"]
[BlackElo "2071"]
[PlyCount "63"]
[EventDate "2018.??.??"]
[WhiteTeam "SC Fulda"]
[BlackTeam "Karlsruher SF"]

1. g3 e5 2. c4 Nc6 3. Bg2 Bc5 4. Nc3 d6 5. e3 f5 6. d3 Nf6 7. Nge2 Bb4 8. a3
Bxc3+ 9. Nxc3 Bd7 10. b4 Rb8 11. Bb2 O-O 12. O-O f4 13. Nd5 Nxd5 14. cxd5 Ne7
15. exf4 exf4 16. Re1 c6 17. dxc6 Bxc6 18. Qb3+ Rf7 19. Re6 fxg3 20. hxg3 Qb6
21. Rf1 Nf5 22. Bxc6 bxc6 23. Qc4 Rbf8 24. Kg2 d5 25. Qg4 d4 26. Rfe1 Ne3+ 27.
fxe3 Rf2+ 28. Kh3 Qb7 29. exd4 Qc8 30. Bc1 h5 31. Qxh5 Rf1 32. Qg4 1-0

[Event "Senioren 2018"]
[Site "Bad Woerishofen"]
[Date "2018.03.02"]
[Round "8"]
[White "Beck, Andreas"]
[Black "Ganslmayer, Anton"]
[Result "1-0"]
[WhiteElo "1802"]
[BlackElo "1992"]
[PlyCount "65"]
[EventDate "2018.??.??"]
[WhiteTeam "TSV Malschenberg"]
[BlackTeam "SC Wangen"]

1. e4 e6 2. d3 c5 3. Nf3 Nc6 4. g3 g6 5. Bg2 Bg7 6. O-O Nge7 7. Re1 d5 8. Nc3
O-O 9. e5 Nf5 10. Bf4 a6 11. Qd2 f6 12. a3 fxe5 13. Nxe5 Nxe5 14. Bxe5 Bxe5 15.
Rxe5 Rb8 16. Ne2 Qd6 17. f4 Ne7 18. Rd1 Bd7 19. Bh3 Nc6 20. Re3 d4 21. Re4 Ne7
22. Nc1 Rf6 23. Nb3 Nf5 24. c3 Bc6 25. Re5 Bd5 26. c4 Bc6 27. Nxc5 Re8 28. Ne4
Bxe4 29. Rxe4 Ne3 30. b4 e5 31. Qb2 Qf8 32. Rxe5 Rxe5 33. fxe5 1-0

[Event "Senioren 2018"]
[Site "Bad Woerishofen"]
[Date "2018.03.02"]
[Round "8"]
[White "Bhend, Edwin"]
[Black "Keller, Harald"]
[Result "1-0"]
[WhiteElo "2097"]
[BlackElo "2055"]
[PlyCount "111"]
[EventDate "2018.??.??"]
[BlackTeam "SV Rottweil"]

1. b3 Nf6 2. Bb2 c5 3. e3 d5 4. Nf3 Bg4 5. Bb5+ Nbd7 6. h3 Bxf3 7. Qxf3 a6 8.
Bxd7+ Qxd7 9. d3 Rc8 10. Nd2 Rc6 11. O-O Qd6 12. e4 dxe4 13. Nxe4 Nxe4 14. dxe4
e5 15. Rad1 Qf6 16. Qg4 Bd6 17. f4 Qg6 18. fxe5 Qxg4 19. hxg4 Bc7 20. c4 h5 21.
gxh5 Rxh5 22. Rd3 Re6 23. Rfd1 Bxe5 24. Rd8+ Ke7 25. R8d7+ Ke8 26. Bxe5 Rhxe5
27. Rxb7 Rxe4 28. Rf1 Re7 29. Rb8+ Kd7 30. Ra8 R4e6 31. Rf5 Rc6 32. Rd5+ Ke6
33. Kf2 Rd7 34. Re8+ Re7 35. Red8 Ra7 36. Kf3 a5 37. Re8+ Kf6 38. Ree5 Rac7 39.
Kf4 g6 40. g4 Kg7 41. Ke4 a4 42. bxa4 Ra6 43. Rxc5 Rxc5 44. Rxc5 Rxa4 45. g5
Rxa2 46. Ke5 Kf8 47. Kd6 Ra6+ 48. Rc6 Rxc6+ 49. Kxc6 f5 50. gxf6 g5 51. Kd6 g4
52. c5 g3 53. c6 g2 54. c7 g1=Q 55. c8=Q+ Kf7 56. Qe6+ 1-0

[Event "Senioren 2018"]
[Site "Bad Woerishofen"]
[Date "2018.03.02"]
[Round "8"]
[White "Birkestrand, Odd"]
[Black "Reimann, Guenther"]
[Result "1/2-1/2"]
[WhiteElo "1686"]
[BlackElo "1893"]
[PlyCount "37"]
[EventDate "2018.??.??"]
[BlackTeam "SC Magstadt"]

1. e4 e6 2. d4 d5 3. e5 c5 4. c3 Nc6 5. Nf3 Bd7 6. dxc5 Bxc5 7. Bd3 Qc7 8. Qe2
Nge7 9. b4 Bb6 10. O-O a6 11. a4 Ng6 12. Re1 Qc8 13. Na3 Bd8 14. Bxg6 hxg6 15.
Bf4 Ne7 16. Qc2 Kf8 17. g4 Nc6 18. Bg3 Be7 19. Kg2 1/2-1/2

[Event "Senioren 2018"]
[Site "Bad Woerishofen"]
[Date "2018.03.02"]
[Round "8"]
[White "Braeu, Ludwig"]
[Black "Koch, Dieter"]
[Result "1-0"]
[WhiteElo "1835"]
[BlackElo "1725"]
[PlyCount "61"]
[EventDate "2018.??.??"]
[WhiteTeam "SK Marktoberdorf"]
[BlackTeam "SC Ammersee"]

1. c4 f5 2. g3 e6 3. Bg2 Nf6 4. Nf3 d6 5. d4 Be7 6. O-O O-O 7. Nc3 Qe8 8. Qc2
Nc6 9. d5 Nd8 10. Nb5 Qd7 11. dxe6 Nxe6 12. Qxf5 Ne8 13. Qc2 c6 14. Nc3 Qd8 15.
Rd1 Qa5 16. Be3 Qh5 17. Ne4 h6 18. h4 Nd8 19. Qd2 Bg4 20. Bf4 Nf7 21. Qb4 Bxf3
22. Bxf3 Qf5 23. Qxb7 Bxh4 24. Qxa8 g5 25. Be3 Ne5 26. Bg2 Nxc4 27. Qxc6 Nxe3
28. fxe3 Bxg3 29. Qd5+ Qxd5 30. Rxd5 Be5 31. Rf1 1-0

[Event "Senioren 2018"]
[Site "Bad Woerishofen"]
[Date "2018.03.02"]
[Round "8"]
[White "Braun, Erhard"]
[Black "Hertkorn, Dieter"]
[Result "1-0"]
[WhiteElo "1932"]
[BlackElo "1547"]
[PlyCount "61"]
[EventDate "2018.??.??"]
[WhiteTeam "SC Heusweiler"]

1. e4 e5 2. Nf3 Nc6 3. d4 exd4 4. Bc4 Bc5 5. O-O d6 6. b4 Bxb4 7. Nxd4 Nxd4 8.
Qxd4 Qf6 9. Bb5+ Bd7 10. Qxb4 O-O-O 11. Bb2 Qg5 12. Bxd7+ Rxd7 13. Nd2 Ne7 14.
Nf3 Nc6 15. Qxb7+ Kxb7 16. Nxg5 f6 17. Nf3 Re8 18. Rfe1 Nb4 19. Nd4 c5 20. a3
Na6 21. Nb5 Kc6 22. c4 Nb8 23. Rad1 a6 24. Nc3 Rb7 25. Bc1 Nd7 26. Bf4 Re6 27.
Nb1 Nb6 28. Rc1 Rbe7 29. f3 d5 30. cxd5+ Nxd5 31. exd5+ 1-0

[Event "Senioren 2018"]
[Site "Bad Woerishofen"]
[Date "2018.03.02"]
[Round "8"]
[White "Chochoy, Patrick"]
[Black "Felger, Karl"]
[Result "0-1"]
[WhiteElo "1604"]
[BlackElo "1775"]
[PlyCount "92"]
[EventDate "2018.??.??"]
[BlackTeam "Schachmatt Schorndorf"]

1. e4 c5 2. Nf3 e6 3. c3 d6 4. Be2 Be7 5. O-O Nf6 6. Re1 O-O 7. Bf1 Nc6 8. d4
Qc7 9. h3 b6 10. Bg5 h6 11. Bh4 Nh7 12. Bxe7 Qxe7 13. d5 Na5 14. Nbd2 e5 15.
Bd3 Nb7 16. Nf1 Ng5 17. Nxg5 Qxg5 18. Qc1 Qg6 19. Ng3 a6 20. Nf5 Qf6 21. Re3
Kh7 22. Rg3 Bxf5 23. exf5 b5 24. b4 Rfe8 25. Be4 cxb4 26. cxb4 Rec8 27. Rc3 Qd8
28. Rc6 f6 29. Qc2 a5 30. Rc1 Rcb8 31. bxa5 Nc5 32. a6 Nxa6 33. a3 Nc5 34. h4
Rxa3 35. Rxc5 dxc5 36. Qxc5 Raa8 37. d6 Rc8 38. Bc6 Rab8 39. Qd5 b4 40. d7 Rc7
41. Ra1 b3 42. Qe6 b2 43. Rb1 Ra7 44. Rxb2 Rxb2 45. Qf7 Rd2 46. g4 Rdxd7 0-1

[Event "Senioren 2018"]
[Site "Bad Woerishofen"]
[Date "2018.03.02"]
[Round "8"]
[White "Collins, Alan"]
[Black "Niedermaier, Peter"]
[Result "0-1"]
[WhiteElo "1641"]
[BlackElo "1817"]
[PlyCount "94"]
[EventDate "2018.??.??"]
[BlackTeam "SU Ebersberg-Grafing"]

1. f4 d5 2. Nf3 Nf6 3. d3 c5 4. g3 Nc6 5. Bg2 e6 6. c3 Be7 7. O-O O-O 8. Na3 a6
9. Nc2 Rb8 10. Qe1 b5 11. e4 dxe4 12. dxe4 Bb7 13. e5 Nd5 14. Ne3 Na5 15. Nxd5
Bxd5 16. b3 c4 17. b4 Nc6 18. Be3 Re8 19. Qf2 Qc7 20. Nd4 Nxd4 21. Bxd4 Bxg2
22. Qxg2 Red8 23. Rfd1 Rd5 24. Rd2 Rbd8 25. Rad1 R8d7 26. Qf2 Qd8 27. Be3 f6
28. Rxd5 Rxd5 29. Rxd5 Qxd5 30. Bd4 f5 31. Qg2 Qxg2+ 32. Kxg2 g5 33. Kf3 gxf4
34. Kxf4 Kg7 35. h4 Kg6 36. Bf2 Bf8 37. g4 fxg4 38. Kxg4 Bh6 39. h5+ Kf7 40.
Bd4 Ke8 41. Kf3 Bd2 42. Kg4 Kd7 43. Kf3 Kc6 44. Ke2 Bh6 45. Kf3 Kd5 46. Be3
Bxe3 47. Kxe3 Kxe5 0-1

[Event "Senioren 2018"]
[Site "Bad Woerishofen"]
[Date "2018.03.02"]
[Round "8"]
[White "Eichler, Gottfried"]
[Black "Kozlov, Alexander"]
[Result "0-1"]
[WhiteElo "2025"]
[BlackElo "2175"]
[PlyCount "76"]
[EventDate "2018.??.??"]
[WhiteTeam "SV Bad Bevensen"]
[BlackTeam "Stuttgarter SF"]

1. f4 d5 2. Nf3 Bg4 3. e3 c6 4. h3 Bd7 5. d4 h5 6. Bd3 Qc8 7. Nbd2 Bf5 8. Ne5
Bxd3 9. Nxd3 Nf6 10. c4 e6 11. Qf3 Nbd7 12. O-O g6 13. b3 Be7 14. Bb2 Qc7 15.
Ne5 Bb4 16. Nb1 Ne4 17. Rd1 Ndf6 18. a3 Be7 19. Nc3 Nxc3 20. Bxc3 Ne4 21. Be1
Rg8 22. Nd3 O-O-O 23. cxd5 exd5 24. f5 Bd6 25. b4 Qd7 26. Nc5 Bxc5 27. bxc5 g5
28. g4 hxg4 29. hxg4 Qc7 30. Ra2 Rh8 31. Rg2 f6 32. Bg3 Qa5 33. Rh2 Rxh2 34.
Bxh2 Rh8 35. Rd3 Qe1+ 36. Kg2 Nf2 37. Rd2 Qxd2 38. Kg1 Qe1+ 0-1

[Event "Senioren 2018"]
[Site "Bad Woerishofen"]
[Date "2018.03.02"]
[Round "8"]
[White "Erdmann, Wolfgang"]
[Black "Gepting, Konrad"]
[Result "0-1"]
[WhiteElo "1731"]
[BlackElo "1585"]
[PlyCount "64"]
[EventDate "2018.??.??"]
[WhiteTeam "SC Roter Turm Altstadt"]
[BlackTeam "SK Marktoberdorf"]

1. d4 e6 2. Nf3 b6 3. e4 Bb7 4. Bd3 h6 5. O-O d5 6. e5 a6 7. Be3 Ne7 8. Nbd2
Nf5 9. Bf4 g5 10. Bg3 Nc6 11. c3 Be7 12. Qc2 Qd7 13. h3 h5 14. Ne1 h4 15. Bh2
f6 16. f4 O-O-O 17. Bxf5 exf5 18. fxg5 fxe5 19. dxe5 Bxg5 20. Rxf5 Be3+ 21. Kf1
d4 22. Qd3 Bxd2 23. Qe2 Qxf5+ 24. Nf3 Be3 25. cxd4 Bxd4 26. Qc4 Rhg8 27. e6
Rxg2 28. Kxg2 Rg8+ 29. Kf1 Qxf3+ 30. Ke1 Qf2+ 31. Kd1 Qxh2 32. Rc1 Rg1+ 0-1

[Event "Senioren 2018"]
[Site "Bad Woerishofen"]
[Date "2018.03.02"]
[Round "8"]
[White "Fuchs, Michael"]
[Black "Okrajek, Alexander"]
[Result "1/2-1/2"]
[WhiteElo "2065"]
[BlackElo "2207"]
[PlyCount "87"]
[EventDate "2018.??.??"]
[WhiteTeam "DJK SF Haselbach"]
[BlackTeam "SC Siegburg"]

1. e4 g6 2. d4 Bg7 3. Nc3 d6 4. Bg5 Nc6 5. Nge2 Nf6 6. h3 h6 7. Be3 e5 8. Qd2
a6 9. d5 Na7 10. Ng3 Bd7 11. a4 h5 12. Bd3 h4 13. Nge2 Nh5 14. Nd1 c5 15. c4 a5
16. Ndc3 b6 17. O-O-O Qe7 18. g4 hxg3 19. fxg3 f5 20. exf5 gxf5 21. g4 f4 22.
Bg6+ Kd8 23. Bxh5 fxe3 24. Qc2 Kc7 25. Rdf1 Raf8 26. Ng3 Bh6 27. Kb1 Bf4 28.
Nge4 Qh7 29. Rf3 Nc8 30. Rhf1 Qh6 31. Ne2 Ne7 32. N4c3 Nf5 33. Nb5+ Bxb5 34.
gxf5 Qxh5 35. axb5 Qxf5 36. Qxf5 Rxf5 37. Kc2 Kd7 38. Kd3 Ke7 39. Nxf4 exf4 40.
Rxf4 Rxf4 41. Rxf4 Rxh3 42. Re4+ Kd7 43. Rxe3 Rh2 44. b3 1/2-1/2

[Event "Senioren 2018"]
[Site "Bad Woerishofen"]
[Date "2018.03.02"]
[Round "8"]
[White "Gailis, Gunnar"]
[Black "De Polzer, Manfredi"]
[Result "0-1"]
[WhiteElo "1746"]
[BlackElo "1515"]
[PlyCount "34"]
[EventDate "2018.??.??"]
[WhiteTeam "SV Hilden"]

1. d4 Nf6 2. Nf3 c6 3. c4 d5 4. e3 Bg4 5. Be2 Nbd7 6. O-O Bxf3 7. Bxf3 dxc4 8.
Qc2 Nb6 9. Nd2 e6 10. Nxc4 Nxc4 11. Qxc4 Bd6 12. Bd2 h5 13. Bb4 Bxh2+ 14. Kxh2
Ng4+ 15. Bxg4 hxg4+ 16. Kg1 Qh4 17. f4 g3 0-1

[Event "Senioren 2018"]
[Site "Bad Woerishofen"]
[Date "2018.03.02"]
[Round "8"]
[White "Gerl, Hans"]
[Black "Daeubler, Heinrich"]
[Result "0-1"]
[WhiteElo "2012"]
[BlackElo "2182"]
[PlyCount "74"]
[EventDate "2018.??.??"]
[WhiteTeam "SK Zirndorf"]
[BlackTeam "SC Haselmühl"]

1. d4 d5 2. c4 c6 3. Nf3 e6 4. e3 Nf6 5. Nc3 Nbd7 6. Qb3 Bd6 7. Bd3 O-O 8. Kf1
dxc4 9. Qxc4 Qe7 10. e4 e5 11. Bg5 exd4 12. Qxd4 Ne5 13. Nxe5 Bxe5 14. Qe3 h6
15. Bf4 Rd8 16. Bxe5 Qxe5 17. Bc2 Be6 18. Rd1 Ng4 19. Qg3 b5 20. Qxe5 Nxe5 21.
b3 g5 22. f3 Kf8 23. Kf2 Ke7 24. Rhe1 Rg8 25. g3 Rad8 26. Ke2 Bh3 27. Rg1 g4
28. f4 Nf3 29. Rh1 Nd4+ 30. Kd2 Bg2 31. Bd3 Bxh1 32. Rxh1 h5 33. Ke3 h4 34. e5
Rh8 35. Rc1 hxg3 36. hxg3 Rh2 37. Ne4 Nf5# 0-1

[Event "Senioren 2018"]
[Site "Bad Woerishofen"]
[Date "2018.03.02"]
[Round "8"]
[White "Giacchino, Claudio"]
[Black "Klett, Thomas"]
[Result "0-1"]
[WhiteElo "1650"]
[BlackElo "1870"]
[PlyCount "128"]
[EventDate "2018.??.??"]
[BlackTeam "SV Urach"]

1. e4 Nf6 2. Nc3 d5 3. e5 d4 4. exf6 dxc3 5. fxg7 cxd2+ 6. Qxd2 Qxd2+ 7. Bxd2
Bxg7 8. c3 Be6 9. Nf3 Nd7 10. Bf4 O-O-O 11. Nd4 Bd5 12. Bg3 e5 13. Nf5 Bf6 14.
f3 Be6 15. Ne3 Bg5 16. Nc4 f6 17. Be2 Nc5 18. Bf2 Nd3+ 19. Bxd3 Rxd3 20. Na5
Rhd8 21. O-O b6 22. Nc6 R8d6 23. Nxa7+ Kb7 24. Nb5 R6d5 25. a4 Rd2 26. c4 R5d3
27. c5 Rxb2 28. cxb6 cxb6 29. Rfd1 Rdd2 30. Rxd2 Bxd2 31. Nd6+ Ka6 32. Ne4 f5
33. Nxd2 Rxd2 34. h4 Bd7 35. Re1 Rd5 36. Rb1 Rd6 37. Ra1 Bc6 38. g4 Bxf3 39.
gxf5 Rf6 40. Rb1 Rxf5 41. Rxb6+ Ka5 42. Rh6 Rf7 43. Kf1 Kxa4 44. Ke1 Kb5 45.
Rd6 Kc4 46. Rd8 Kc3 47. Rc8+ Kd3 48. Rd8+ Ke4 49. Rc8 Rd7 50. Rc4+ Kf5 51. Rc1
Kf4 52. Kf1 e4 53. Re1 Rd3 54. Rc1 e3 55. Rc4+ Be4 56. Be1 Kf3 57. Rc1 e2+ 58.
Kg1 Rd1 59. Rc3+ Bd3 60. Kh2 Rxe1 61. Rxd3+ Ke4 62. Rd8 Rh1+ 63. Kg2 e1=Q 64.
Re8+ Kf5 0-1

[Event "Senioren 2018"]
[Site "Bad Woerishofen"]
[Date "2018.03.02"]
[Round "8"]
[White "Gottwald, Helmut"]
[Black "Buss, Richard"]
[Result "1-0"]
[WhiteElo "1569"]
[BlackElo "1595"]
[PlyCount "31"]
[EventDate "2018.??.??"]
[WhiteTeam "SV Dicker Turm Esslingen"]
[BlackTeam "VfR Heisfelde"]

1. e4 c5 2. Nf3 Nc6 3. Nc3 d6 4. d4 cxd4 5. Nxd4 a6 6. Be3 Nxd4 7. Qxd4 e5 8.
Qb6 Qxb6 9. Bxb6 Nf6 10. O-O-O Be7 11. Bc7 Be6 12. f3 O-O 13. Bxd6 Bxd6 14.
Rxd6 Rac8 15. Be2 Ne8 16. Rd2 1-0

[Event "Senioren 2018"]
[Site "Bad Woerishofen"]
[Date "2018.03.02"]
[Round "8"]
[White "Hansch, Klaus Michael"]
[Black "Goris, Ton"]
[Result "0-1"]
[WhiteElo "1888"]
[BlackElo "1939"]
[PlyCount "128"]
[EventDate "2018.??.??"]
[WhiteTeam "SC Weisse Dame (Berlin)"]

1. d4 Nf6 2. e3 e6 3. Bd3 d5 4. Nf3 c5 5. c3 Nc6 6. Nbd2 Bd6 7. O-O O-O 8. Re1
e5 9. dxe5 Nxe5 10. Nxe5 Bxe5 11. Nf3 Bd6 12. h3 h6 13. c4 Be6 14. Qc2 Qc7 15.
b3 Rae8 16. Bb2 dxc4 17. Bxc4 Bxc4 18. Qxc4 Ne4 19. Re2 Re6 20. Rd1 Qe7 21.
Ree1 Rd8 22. Qe2 Bc7 23. Rxd8+ Bxd8 24. Nd2 Ba5 25. Nxe4 Bxe1 26. Nf6+ gxf6 27.
Qxe1 Qd7 28. Qc3 b6 29. b4 cxb4 30. Qxb4 Qd1+ 31. Kh2 Qd6+ 32. Qxd6 Rxd6 33.
Bd4 a6 34. Kg3 Kg7 35. Kf4 Kg6 36. g4 b5 37. a3 Rc6 38. h4 a5 39. h5+ Kg7 40.
Ke4 b4 41. axb4 axb4 42. Kd3 Kf8 43. e4 b3 44. Bc3 Ke7 45. f4 Ke6 46. Kd4 Kd7
47. Kd3 Kc8 48. g5 fxg5 49. fxg5 hxg5 50. Bg7 b2 51. Bxb2 Rh6 52. e5 Kd7 53.
Ke4 Ke6 54. Kf3 Kf5 55. Kg3 Rxh5 56. Ba1 Rh1 57. Bb2 Re1 58. Kf2 Rxe5 59. Ba3
Rb5 60. Bd6 Rb3 61. Bc7 Ke4 62. Kg2 f5 63. Bd8 g4 64. Bh4 f4 0-1

[Event "Senioren 2018"]
[Site "Bad Woerishofen"]
[Date "2018.03.02"]
[Round "8"]
[White "Harke, Horst"]
[Black "Richter, Stefan"]
[Result "1-0"]
[WhiteElo "1789"]
[BlackElo "1698"]
[PlyCount "101"]
[EventDate "2018.??.??"]
[WhiteTeam "SK Varel"]
[BlackTeam "SZ Langenberg"]

1. d4 b6 2. c4 Bb7 3. Nc3 a6 4. e4 e6 5. Be3 Bb4 6. Bd3 Nf6 7. f3 Bxc3+ 8. bxc3
h6 9. Ne2 d6 10. O-O Nbd7 11. Ng3 c6 12. Rb1 Rb8 13. Bc2 Bc8 14. d5 Ne5 15.
dxc6 Nxc4 16. Bc1 Qc7 17. Bb3 Na5 18. Ba3 Qxc6 19. Qxd6 Qxd6 20. Bxd6 Rb7 21.
Be5 h5 22. Bxf6 gxf6 23. Ne2 e5 24. Bd5 Rb8 25. c4 Be6 26. Rfc1 Ke7 27. Rc3
Rhc8 28. Bxe6 fxe6 29. c5 b5 30. Ra3 Nb7 31. Rxa6 Rxc5 32. Rb6 Rc2 33. Kf2 Rxa2
34. R6xb5 Ra7 35. f4 Kd6 36. fxe5+ fxe5 37. Rd1+ Ke7 38. Rxe5 Rf8+ 39. Kg1 Ra2
40. Nd4 Rff2 41. Rg5 Nd6 42. Re1 Kd7 43. Nf3 Rab2 44. g3 Rbd2 45. e5 Ke7 46.
exd6+ Kxd6 47. Nh4 Rde2 48. Rxe2 Rxe2 49. Rxh5 e5 50. Ng6 Kd5 51. Rxe5+ 1-0

[Event "Senioren 2018"]
[Site "Bad Woerishofen"]
[Date "2018.03.02"]
[Round "8"]
[White "Helbig, Dieter"]
[Black "Leutz, Hans"]
[Result "0-1"]
[WhiteElo "1784"]
[BlackElo "1957"]
[PlyCount "80"]
[EventDate "2018.??.??"]
[WhiteTeam "SK Weilheim"]
[BlackTeam "SV Ebersbach"]

1. c4 c6 2. d4 d5 3. e3 e6 4. Nc3 Nf6 5. Bd3 Nbd7 6. Nf3 dxc4 7. Bxc4 b5 8. Be2
a6 9. O-O c5 10. dxc5 Bxc5 11. Qc2 O-O 12. Rd1 Qc7 13. a3 Bb7 14. h3 Rac8 15.
Qb1 Qb8 16. Ng5 h6 17. Nge4 Be7 18. Bf3 Rfd8 19. Bd2 Ne5 20. Nxf6+ Bxf6 21.
Bxb7 Qxb7 22. Be1 Rxd1 23. Qxd1 Nc4 24. Rb1 Nxa3 25. Rc1 Nc4 26. b3 Nb6 27. f3
b4 28. Ne4 Be7 29. Bg3 Rxc1 30. Qxc1 Qc8 31. Qa1 Nd5 32. Bd6 f5 33. Bxe7 fxe4
34. Bh4 exf3 35. e4 Nf4 36. gxf3 g5 37. Be1 Qc2 38. Bf2 Nxh3+ 39. Kh1 Nxf2+ 40.
Kg1 Qd1+ 0-1

[Event "Senioren 2018"]
[Site "Bad Woerishofen"]
[Date "2018.03.02"]
[Round "8"]
[White "Hohler, Peter"]
[Black "Schmidt, Eugen"]
[Result "1/2-1/2"]
[WhiteElo "2105"]
[BlackElo "1985"]
[PlyCount "57"]
[EventDate "2018.??.??"]
[BlackTeam "SC Iffezheim"]

1. Nf3 Nf6 2. g3 g6 3. b3 Bg7 4. Bb2 d6 5. d4 O-O 6. Bg2 c6 7. O-O Qc7 8. c4
Nbd7 9. Nc3 e5 10. e4 Re8 11. Re1 a6 12. Rc1 c5 13. dxe5 dxe5 14. Bh3 Nb6 15.
Bxc8 Raxc8 16. Qe2 Nbd7 17. Rcd1 Nf8 18. Nd5 Qb8 19. a4 N6d7 20. Qd3 Rcd8 21.
Ba1 Ne6 22. Kg2 Nd4 23. Nxd4 exd4 24. f4 f6 25. Re2 Qd6 26. Rde1 a5 27. Bb2 Kh8
28. Bc1 Rc8 29. Bd2 1/2-1/2

[Event "Senioren 2018"]
[Site "Bad Woerishofen"]
[Date "2018.03.02"]
[Round "8"]
[White "Kelchner, Hans"]
[Black "Klimpel, Siegfried"]
[Result "1-0"]
[WhiteElo "2165"]
[BlackElo "1825"]
[PlyCount "79"]
[EventDate "2018.??.??"]
[WhiteTeam "SK Ludwigshafen"]
[BlackTeam "TSV Kareth-Lappersdorf"]

1. d4 d5 2. Bf4 c5 3. e3 Nc6 4. c3 Qb6 5. Qc2 c4 6. Nd2 g6 7. e4 e6 8. Be2 Bg7
9. Bf3 Nge7 10. Ne2 Bd7 11. Be3 Qc7 12. Nf4 Qd6 13. g4 b5 14. a3 a5 15. O-O O-O
16. Rfe1 b4 17. axb4 axb4 18. Nf1 b3 19. Qe2 Ra2 20. Ng3 Rfa8 21. Rab1 Nb4 22.
exd5 Nbxd5 23. Nxd5 exd5 24. Qd2 Be6 25. Bg5 Nc6 26. Kg2 Qd7 27. Qf4 Re8 28.
Bf6 Bxf6 29. Qxf6 Qd8 30. Qf4 Qb8 31. Qh6 Qc8 32. h3 Ne7 33. Qg5 Qd8 34. h4 Nc8
35. Qh6 Ne7 36. h5 Kh8 37. hxg6 fxg6 38. Rxe6 Ng8 39. Qe3 Qg5 40. Qxg5 1-0

[Event "Senioren 2018"]
[Site "Bad Woerishofen"]
[Date "2018.03.02"]
[Round "8"]
[White "Kierzek, Matthias"]
[Black "Rueberg, Jobst"]
[Result "1/2-1/2"]
[WhiteElo "2259"]
[BlackElo "2086"]
[PlyCount "175"]
[EventDate "2018.??.??"]
[WhiteTeam "SC Fulda"]
[BlackTeam "SV Ahlen"]

1. d4 Nf6 2. c4 e6 3. Nf3 b6 4. g3 Ba6 5. Nbd2 Bb7 6. Bg2 Be7 7. O-O O-O 8. Re1
d5 9. Ne5 Nbd7 10. Ndf3 Nxe5 11. Nxe5 Nd7 12. Bf4 Nxe5 13. Bxe5 c6 14. Qa4 Bd6
15. Bxd6 Qxd6 16. Rac1 Rfd8 17. c5 Qd7 18. Qb3 Rab8 19. cxb6 Ba8 20. b7 Rxb7
21. Qa3 Rdb8 22. b3 Rb4 23. e3 Qd8 24. Rc5 Qd7 25. Ra5 R4b7 26. Rc1 Rc7 27. Bf1
g6 28. Ra6 Kg7 29. Rc5 Rb6 30. Ra4 Qe7 31. Qb2 Rb8 32. Qc3 Rd8 33. Ra6 Rb8 34.
Rca5 Rd8 35. b4 Rb8 36. a3 Rd8 37. Rc5 Rcd7 38. h4 h5 39. Qc2 Rb8 40. Rca5 Rc8
41. Rc5 Rb8 42. Rc3 Rb6 43. Ra5 Rb8 44. Rac5 Rb6 45. b5 cxb5 46. Rxb5 Rxb5 47.
Bxb5 Rb7 48. a4 Qd6 49. Rc8 Rb8 50. Qc7 Qxc7 51. Rxc7 Bb7 52. a5 a6 53. Bc6
Bxc6 54. Rxc6 Ra8 55. Rc7 Rd8 56. Rc6 Ra8 57. Kg2 Kf6 58. Kf3 Kf5 59. Rc7 Kf6
60. Kf4 Rd8 61. f3 Ra8 62. g4 hxg4 63. fxg4 Rh8 64. g5+ Kg7 65. Kg4 Re8 66. Rd7
e5 67. Rxd5 exd4 68. exd4 Re4+ 69. Kg3 Re3+ 70. Kf4 Rh3 71. Kg4 Rh1 72. Rd6 Ra1
73. Rxa6 Ra4 74. Rd6 Rxa5 75. Rd8 Ra7 76. Kf4 f6 77. gxf6+ Kxf6 78. Rd6+ Kf7
79. Kg5 Ra1 80. Rf6+ Ke7 81. Rxg6 Rd1 82. h5 Rxd4 83. h6 Rd5+ 84. Kg4 Rd4+ 85.
Kf5 Rd5+ 86. Kg4 Rd4+ 87. Kh5 Rd5+ 88. Rg5 1/2-1/2